[Event "Geneve PCA-GP Credit Suisse"]
[Site "Geneve"]
[Date "1996.09.01"]
[Round "3.1"]
[White "Speelman, Jonathan S"]
[Black "Anand, Viswanathan"]
[Result "1/2-1/2"]
[WhiteElo "2625"]
[BlackElo "2750"]
[PlyCount "105"]
[EventDate "1996.08.??"]
[Source "ChessBase"]

1. e4 c5 2. Nf3 d6 3. Bb5+ Nd7 4. O-O Ngf6 5. Re1 a6 6. Bf1 g6 7. c3 Ne5 8. d4
Nxf3+ 9. Qxf3 cxd4 10. cxd4 Bg7 11. Nc3 O-O 12. e5 Ng4 13. Bf4 Nh6 14. h3 Nf5
15. Rad1 Qb6 16. Nd5 Qa5 17. b4 Qxa2 18. Rd2 Qa4 19. g4 e6 20. gxf5 exd5 21. f6
Bh8 22. Qxd5 Qxb4 23. e6 Bxe6 24. Rxe6 fxe6 25. Qxe6+ Rf7 26. Bc4 Raf8 27. Bh6
Qb1+ 28. Kg2 Qf5 29. Qxf5 gxf5 30. Bxf8 Kxf8 31. Bxf7 Kxf7 32. Rc2 Kxf6 33. Rc7
b5 34. Kf3 Ke6 35. Rxh7 Bxd4 36. Rb7 Bc5 37. h4 Kf6 38. Rb8 Kg6 39. Rg8+ Kh5
40. Kf4 Bxf2 41. Rh8+ Kg6 42. h5+ Kg7 43. Rb8 Bd4 44. Kxf5 Kh6 45. Kg4 Bc5 46.
Re8 b4 47. Re6+ Kh7 48. h6 b3 49. Kh5 d5 50. Rc6 b2 51. Rc7+ Kh8 52. Rb7 Bd4
53. Rb8+ 1/2-1/2

[Event "Leon Man+Comp m"]
[Site "Leon"]
[Date "1999.06.12"]
[Round "3"]
[White "Karpov, Anatoly"]
[Black "Anand, Viswanathan"]
[Result "0-1"]
[WhiteElo "2710"]
[BlackElo "2781"]
[PlyCount "69"]
[EventDate "1999.06.??"]
[Source "ChessBase"]
[SourceDate "1999.10.01"]

1. d4 Nf6 2. c4 e6 3. Nf3 b6 4. g3 Ba6 5. b3 Bb4+ 6. Bd2 Be7 7. Nc3 O-O 8. e4
d5 9. cxd5 Bxf1 10. Kxf1 exd5 11. e5 Ne4 12. Kg2 c5 13. Qe2 Nxc3 14. Bxc3 Qd7
15. Rhe1 Qe6 16. Ng1 Nc6 17. dxc5 d4 18. Bd2 Bxc5 19. f4 d3 20. Qe4 Rad8 21.
Nf3 Nd4 22. Nxd4 Rxd4 23. Qf3 Rfd8 24. f5 Qd5 25. Rad1 a5 26. Qxd5 R4xd5 27.
Re4 Re8 28. Bc3 f6 29. e6 Rxf5 30. Rxd3 Rf2+ 31. Kh3 Rxa2 32. Rd7 h5 33. g4 Ra3
34. Kh4 Rxb3 35. Bd2 0-1

[Event "Leon Man+Comp m"]
[Site "Leon"]
[Date "1999.06.13"]
[Round "5"]
[White "Karpov, Anatoly"]
[Black "Anand, Viswanathan"]
[Result "0-1"]
[WhiteElo "2710"]
[BlackElo "2781"]
[PlyCount "91"]
[EventDate "1999.06.??"]
[Source "ChessBase"]
[SourceDate "1999.10.01"]

1. d4 Nf6 2. c4 e6 3. Nf3 b6 4. g3 Ba6 5. b3 Bb4+ 6. Bd2 Be7 7. Bg2 c6 8. Bc3
d5 9. Ne5 Nfd7 10. Nxd7 Nxd7 11. Nd2 O-O 12. O-O Nf6 13. Re1 c5 14. dxc5 Bxc5
15. e3 Rc8 16. Bxf6 Qxf6 17. cxd5 exd5 18. a3 Rfd8 19. b4 Bf8 20. Nf3 Bc4 21.
Qd2 b5 22. Nd4 g6 23. Red1 Qb6 24. Rab1 Qa6 25. Ra1 Qb6 26. h4 h5 27. Bf3 Bg7
28. Rab1 Re8 29. Bg2 Rcd8 30. Ra1 Bf8 31. Bf1 Bg7 32. Bg2 Rd6 33. Rab1 Qd8 34.
Rbc1 Ra6 35. Ra1 g5 36. hxg5 Qxg5 37. Nf3 Qg4 38. Qc1 Bf6 39. Rb1 h4 40. Nh2
Qg7 41. g4 d4 42. exd4 Bxd4 43. Bf1 Qe5 44. Bxc4 Bxf2+ 45. Kg2 h3+ 46. Kf1 0-1

[Event "Amber-rapid 9th"]
[Site "Monte Carlo"]
[Date "2000.03.23"]
[Round "7"]
[White "Anand, Viswanathan"]
[Black "Piket, Jeroen"]
[Result "1-0"]
[WhiteElo "2769"]
[BlackElo "2633"]
[PlyCount "91"]
[EventDate "2000.03.16"]
[Source "ChessBase"]
[SourceDate "2000.05.31"]

1. e4 e5 2. Nf3 Nc6 3. Bb5 a6 4. Ba4 Nf6 5. O-O Be7 6. Re1 b5 7. Bb3 d6 8. c3
O-O 9. h3 Nb8 10. d4 Nbd7 11. Nbd2 Bb7 12. Bc2 Re8 13. Nf1 Bf8 14. Ng3 g6 15.
a4 c5 16. d5 Nb6 17. Qe2 Nxa4 18. Bxa4 bxa4 19. Rxa4 Bc8 20. Be3 Rb8 21. Rea1
Re7 22. R4a2 Reb7 23. Qc2 Ne8 24. Nd2 Qh4 25. Rb1 Ng7 26. Rxa6 Rxb2 27. Rxb2
Rxb2 28. Qxb2 Bxa6 29. Qb6 Bd3 30. c4 f5 31. Nf3 Qe7 32. Qb3 fxe4 33. Ng5 Nf5
34. N3xe4 Bxe4 35. Nxe4 Qh4 36. Qd3 Qd8 37. g4 Nxe3 38. Qxe3 Be7 39. Kg2 Kg7
40. Qb3 Qc7 41. Qb5 Kf7 42. Qc6 Qd8 43. Qb7 Ke8 44. Nc3 Qa5 45. Nb5 Qe1 46.
Qc8+ 1-0

[Event "FIDE GP"]
[Site "Dubai"]
[Date "2002.04.04"]
[Round "2.4"]
[White "Azmaiparashvili, Zurab"]
[Black "Anand, Viswanathan"]
[Result "1-0"]
[WhiteElo "2676"]
[BlackElo "2757"]
[PlyCount "79"]
[EventDate "2002.04.03"]
[Source "ChessBase"]
[SourceDate "2002.08.12"]

1. d4 Nf6 2. c4 e6 3. Nf3 c5 4. d5 d6 5. Nc3 exd5 6. cxd5 g6 7. Bf4 Bg7 8. e3
O-O 9. Be2 Re8 10. Nd2 Na6 11. Nc4 Ne4 12. Nxe4 Rxe4 13. Bg3 Rxc4 14. Bxc4 b5
15. Be2 Bxb2 16. O-O Bxa1 17. Qxa1 Nc7 18. e4 f6 19. f4 b4 20. Bh4 Ne8 21. e5
Qd7 22. e6 Qe7 23. Bb5 Bb7 24. Bxe8 Rxe8 25. Bxf6 Qf8 26. Rd1 Bxd5 27. Rxd5
Rxe6 28. Bg5 Qe8 29. Rd1 Re2 30. Bh6 Qe3+ 31. Kh1 Qc3 32. Qxc3 bxc3 33. f5 c2
34. Rc1 d5 35. Kg1 d4 36. Kf1 d3 37. Re1 d2 38. Kxe2 gxf5 39. Kxd2 Kf7 40. Kxc2
1-0